000 00648nam a2200217 a 4500
999 _c6437
_d6437
001 6437
003 BD-JhCC
005 20180123113154.0
008 180123s1981 bg |||| ||a| 000 0 ben d
035 _a(BD-JhCC)6437
040 _aBD-JhCC
_dBD-JhCC
041 _aeng
082 _a297
_bHAS
100 _aহাশিম, আবুল
245 _aইসলামের মর্মকথা /
_cআবুল হাশিম,
260 _aঢাকা :
_bইসলামিক ফাউন্ডেশন বাংলাদেশ,
_c1981
300 _a128 p. :
_c20 cm.
650 _aIslam
_xDoctrines
942 _2ddc
_cBK